00338nam a22000977a 4500008004100000082001200041110001300053245013200066260003400198300000800232230620b xxu||||| |||| 00| 0 eng d a323bUN bUNd1994 aCommission on Human RightsbReport on the fiftienth (31 January - 11 March 1994)cEconomic and social councilhSupplement No.4A aNew York and GenevabUNc1994 a96p